Štúdium a charakterizácia príčin a prejavov degradácie plastov v historických a umeleckých predmetoch

Guardado en:
Detalles Bibliográficos
Autor principal: Mrkvicová, Martina Anna (Autor)
Otros Autores: Vizárová, Katarína (Orientador)
Formato: Manuscrito Libro
Lenguaje:eslovaco
Publicado: 2024
Materias:
Acceso en línea:http://is.stuba.sk/zp/portal_zp.pl?podrobnosti=176565
Etiquetas: Agregar Etiqueta
Sin Etiquetas, Sea el primero en etiquetar este registro!

MARC

LEADER 00000ntm a22000003a 4500
001 stuzp99478
003 SK-STU
005 20240601210826.7
007 ta
008 150427s2015----xo-----f-mn---000-0-slo-d
040 |a STU  |b slo 
041 0 |a slo 
100 1 |a Mrkvicová, Martina Anna  |u 049380  |4 aut  |U FCHPT Ústav prírodných a syntetických polymérov  |T FCHPT Oddelenie dreva, celulózy a papiera  |X 97467  |U C9380  |Y 129  |7 97467 
242 0 1 |a Study and characterization of the reasons and consequences of plastic degradation in historical and artistic objects  |y eng 
245 1 0 |a Štúdium a charakterizácia príčin a prejavov degradácie plastov v historických a umeleckých predmetoch 
260 |c 2024 
650 4 |a kultúrne dedičstvo  |2 slo 
650 4 |a degradácia  |2 slo 
650 4 |a plasty  |2 slo 
650 4 |a nedeštruktívna analýzy  |2 slo 
650 4 |a degradation  |2 eng 
650 4 |a cultural heritage  |2 eng 
650 4 |a non destructive analysis  |2 eng 
650 4 |a plastics  |2 eng 
700 1 |a Vizárová, Katarína  |u 049380  |k Z1  |4 ths  |U FCHPT Ústav prírodných a syntetických polymérov  |T FCHPT Oddelenie dreva, celulózy a papiera  |X 3902  |U C9380  |Y 129  |7 A000003902 
856 4 |u http://is.stuba.sk/zp/portal_zp.pl?podrobnosti=176565